000 00615cam a2200217 4500500
005 20260405003228.0
041 _afre
042 _adc
100 1 0 _aLarmagnac-Matheron, Octave
_eauthor
245 0 0 _aEctosubjectivité
260 _c2021.
500 _a58
690 _aFragments
690 _aGafa
690 _aGafam
690 _aIdentité
690 _aRéseaux sociaux
690 _aSubjectivité
786 0 _nPhilosophie magazine | 147 | 3 | 2021-03-01 | p. 11-11 | 1951-1787
856 4 1 _uhttps://shs.cairn.info/magazine-philosophie-magazine-2021-3-page-11?lang=fr&redirect-ssocas=7080
999 _c2065547
_d2065547